A-Z Geography: containing "Are" - Statistics

General Stats
  • This quiz has been taken 17 times
  • The average score is 4 of 26
Answer Stats
Initial: Clue Place % Correct
B The capital of Romania Bucharest
100%
H Zimbabwe's capital Harare
76%
N Place in Israel where Jesus lived Nazareth
59%
Y The capital of Nauru - which itself is a clue Yaren
47%
L Border city in Texas on the Rio Grande Laredo
29%
K Irish county town, and a 1960s TV doctor Kildare
24%
A Witty joke told in a city of Peru Arequipa
18%
D Eastern port bearing the same name as the US state where it is located Delaware City
18%
F Meaty borough between Portsmouth and Southampton Fareham
12%
S Romanian city of amateurs, located at a point near the Hungary/Ukraine borders Satu Mare
12%
C Resort in a coastal area of Israel, and an important place in ancient times, named after a famous Roman leader Caesarea
6%
G USA anger spills over at Venezuelan city Guarenas
6%
E District on London's Northern Line which sounds like it is on the border of somewhere to the west Edgware
6%
I Swedish shop left in ruins at city of Ondo state, Nigeria Ikare
6%
M Capital of Manicaland, Zimbabwe, where a mongrel may be glimpsed Mutare
6%
P The largest settlement in the world south of the 46th parallel, in Chile Punta Arenas
6%
T Provincial capital; it is found in northern Algeria Tiaret
6%
W Seaside resort in Somerset with some Latin in its name Weston-super-Mare
6%
X Village in the south of Galicia, Spain Xares
6%
J Electricity ignition begins at outer suburb of Sao Paulo Jacareí
0%
O Your mule acted strangely, approaching this town of Venezuela Ocumare del Tuy
0%
Q Georgian town where it can be interesting to live Q’vareli
0%
R Minor city of India where, in the end, I find a real bear Raebareli
0%
U Town in Alagoas, Brazil whose name means union of the palm trees União dos Palmares
0%
V Italian town south-east of Lake Maggiore Varese
0%
Z Russian town which established a church in New York for a holy conclusion Zarechnyy
0%
No matching quizzes found
Score Distribution
Percent of People with Each Score
Percentile by Number Answered
Your Score History
You have not taken this quiz